| 000 -LEADER |
| fixed length control field |
01019nam a22002057a 4500 |
| 001 - CONTROL NUMBER |
| control field |
19199 |
| 003 - CONTROL NUMBER IDENTIFIER |
| control field |
BD-DhUAP |
| 005 - DATE AND TIME OF LATEST TRANSACTION |
| control field |
20210121111037.0 |
| 008 - FIXED-LENGTH DATA ELEMENTS--GENERAL INFORMATION |
| fixed length control field |
200206r20152014bg ||||| |||| 00| 0 ben d |
| 020 ## - INTERNATIONAL STANDARD BOOK NUMBER |
| International Standard Book Number |
9789848770085 |
| 040 ## - CATALOGING SOURCE |
| Original cataloging agency |
BD-DhUAP |
| Language of cataloging |
Eng |
| Transcribing agency |
BD-DhUAP |
| Modifying agency |
BD-DhUAP |
| 082 ## - DEWEY DECIMAL CLASSIFICATION NUMBER |
| Edition number |
23 |
| Classification number |
345.54920277 KHA |
| 100 ## - MAIN ENTRY--PERSONAL NAME |
| Personal name |
খান, মোঃ মোসলেম উদ্দিন। |
| 245 ## - TITLE STATEMENT |
| Title |
মাদকদ্রব্য নিয়ন্ত্রণ আইন ও বিধিমালা এবং ড্রাগ (নিয়ন্ত্রণ) অধ্যাদেশ = Narcotics control and drugs acts / |
| Statement of responsibility, etc. |
মোঃ মোসলেম উদ্দিন খান। |
| 250 ## - EDITION STATEMENT |
| Edition statement |
২য় সং.। |
| 260 ## - PUBLICATION, DISTRIBUTION, ETC. |
| Place of publication, distribution, etc. |
ঢাকা : |
| Name of publisher, distributor, etc. |
শরফুদ্দিন ল' বুক কোম্পানি, |
| Date of publication, distribution, etc. |
c২০১৪ [মুদ্রণ ২০১৫]। |
| 300 ## - PHYSICAL DESCRIPTION |
| Extent |
৪৩১ পৃষ্ঠা ; |
| Dimensions |
২২ সেমি.। |
| 650 ## - SUBJECT ADDED ENTRY--TOPICAL TERM |
| Topical term or geographic name entry element |
Narcotics law |
| Form subdivision |
Criminal provision |
| Geographic subdivision |
Bangladesh. |
| 942 ## - ADDED ENTRY ELEMENTS (KOHA) |
| Source of classification or shelving scheme |
|
| Koha item type |
Book |